00639nam a2200241 a 4500001001300000003000900013005001700022008004100039020000800080082001300088100001800101245001400119260003400133300000900167500003500176505001300211650001800224700001800242902000800260942000700268952010900275999001300384nice12345678IN_TiNIC20260116011345.0050524s1958 muma grp 000 0 eng  ac000a953bKAR aKaranjia, R K aArab Dawn aMumbaibJaico Pub.Housec1958 a414p aincludes index and biblioraphy2 aAppendex aArabs-History1 aKaranjia, R K bSRS cBK 001040708StackRoom-aHMIbHMId2005-05-24g0.00l0o953 KARp01049r2005-05-24v0.00w2005-05-24yBK c813d813